000 00424nam a2200193Ia 4500
003 0100
008 130227s9999 xx 000 0 und d
040 _cARRUPELIB
050 _aB72.P295
100 _aPateman, Trevor
245 _aWhat is philosophy
260 _aLondon
260 _bEdward Arnold
260 _C1987
300 _a72p.
300 _b 23 cm
650 _bCivilization, Oriental
942 _2lcc
_01
999 _c2160
_d2160